Tilastot visalle Yleisurheilun miesten Suomen ennätykset / Finnish national records in athletics for men

Klikkaa tästä pelataksesi tätä visaa!

Yleistilastot

  • Tätä visaa on pelattu 185 kertaa
  • Keskiarvotulos 10 / 20

Vastaustilastot

HintVastaus% Oikein
Pituus / long jump8.22Tommi Evilä
86%
Keihäs / javelin93.09Aki Parviainen
78%
5000 m13:16.3hLasse Virén
76%
Moukari / hammer83.30Olli-Pekka Karjalainen
75%
3000 m steeple8:10.67Jukka Keskisalo
74%
110 m hurdles13.35Arto Bryggare
62%
100 m10.21Tommi Hartonen
57%
200 m20.47Tommi Hartonen
57%
Marathon2:10:46Janne Holmén
52%
400 m hurdles49.08Oskari Mörö
45%
Kiekko / discus69.97Frantz Kruger
43%
10-ottelu / decathlon8730Eduard Hämäläinen
42%
10 000 m27:30.99Martti Vainio
40%
1500 m3:36.33Pekka Vasala
39%
Kuula / shot21.69Reijo Ståhlberg
36%
3-loikka / triple jump17.00Pertti Pousi
30%
Seiväs / pole vault582Jani Lehtonen
26%
400 m45.49Markku Kukkoaho
24%
800 m1:44.10Ari Suhonen
21%
Korkeus / high jump231Mika Polku
19%

Tulosjakauma

Persentiili vastausten määrän mukaan

Jokaisen tuloksen saaneiden osuus

Tuloshistoriasi

Et ole pelannut tätä visaa